La relatividad (Record no. 59299)

MARC details
000 -LEADER
campo de control de longitud fija 00943nam a2200217 i 4500
001 - NÚMERO DE CONTROL
campo de control 59299
003 - IDENTIFICADOR DE NÚMERO DE CONTROL
campo de control ES-MaACL
005 - FECHA Y HORA DE LA ÚLTIMA TRANSACCIÓN
campo de control 20251209063022.0
007 - CAMPO FIJO DE DESCRIPCIÓN FÍSICA--INFORMACIÓN GENERAL
campo de control de longitud fija t|
008 - DATOS DE LONGITUD FIJA--INFORMACIÓN GENERAL
campo de control de longitud fija 031028s1950 ag ||||1| spa d
100 1# - ENTRADA PRINCIPAL--NOMBRE DE PERSONA
Nombre de persona Einstein, Albert,
Fechas asociadas al nombre 1879-1955
9 (RLIN) 46838
245 13 - MENCIÓN DEL TÍTULO
Título La relatividad
Resto del título : memorias originales /
Mención de responsabilidad, etc. Albert Einstein ; [traducción y nota preliminar de Fidel Alsina Fuertes y Damián Canals Frau ; con una nota complementaria de Guido Beck].
260 ## - PUBLICACIÓN, DISTRIBUCIÓN, ETC.
Lugar de publicación, distribución, etc. Buenos Aires :
Nombre del editor, distribuidor, etc. Emecé,
Fecha de publicación, distribución, etc. [1950] (
Fabricante Tomás Palumbo)
300 ## - DESCRIPCIÓN FÍSICA
Extensión 218 p. ;
Dimensiones 18 cm.
505 8# - NOTA DE CONTENIDO CON FORMATO
Nota de contenido con formato Contiene: Sobre la electrodinámica de los cuerpos en movimiento. ¿Depende la inercia de un cuerpo de su energía?. El fundamento de la teoría general de la relatividad
700 1# - ENTRADA AGREGADA--NOMBRE PERSONAL
Nombre de persona Alsina Fuertes, Fidel.
9 (RLIN) 20487
700 1# - ENTRADA AGREGADA--NOMBRE PERSONAL
Nombre de persona Canals Frau, Damián.
9 (RLIN) 34417
700 1# - ENTRADA AGREGADA--NOMBRE PERSONAL
Nombre de persona Beck, Guido.
9 (RLIN) 26921
852 ## - LOCALIZACIÓN
Ubicación ES-MaACL
Número de control de estantería D-5685
Sublocalización o colección R.30912
Holdings
Estatus retirado Estado de pérdida Estado de daño No para préstamo Biblioteca de origen Biblioteca actual Ubicación en estantería Fecha de adquisición Fuente de adquisición Total de préstamos Signatura topográfica completa Código de barras Visto por última vez Precio de reemplazo Tipo de ítem Koha
        Biblioteca del Ateneo de Madrid Biblioteca del Ateneo de Madrid Sala Valle Inclán 17/01/2008     D-5685 901062201 23/02/2023 23/02/2023 Libro impreso